Geospatial information and the surveying profession (Record no. 112117)
[ view plain ]
| 000 -LEADER | |
|---|---|
| fixed length control field | 01141cad a22002415a 4500 |
| 001 - CONTROL NUMBER | |
| control field | E152565 |
| 008 - FIXED-LENGTH DATA ELEMENTS--GENERAL INFORMATION | |
| fixed length control field | 110329s2010 xxk f 000 0 eng d |
| 020 ## - INTERNATIONAL STANDARD BOOK NUMBER | |
| International Standard Book Number | 9781842195659 |
| 035 ## - SYSTEM CONTROL NUMBER | |
| System control number | (Sirsi) u152565 |
| 041 0# - LANGUAGE CODE | |
| Language code of text/sound track or separate title | eng |
| 110 2# - MAIN ENTRY--CORPORATE NAME | |
| Corporate name or jurisdiction name as entry element | Royal Institution of Chartered Surveyors |
| 9 (RLIN) | 4900 |
| 245 00 - TITLE STATEMENT | |
| Title | Geospatial information and the surveying profession |
| Remainder of title | RICS information paper |
| 260 ## - PUBLICATION, DISTRIBUTION, ETC. | |
| Place of publication, distribution, etc. | Coventry |
| Name of publisher, distributor, etc. | RICS |
| Date of publication, distribution, etc. | 2010 |
| 490 #0 - SERIES STATEMENT | |
| Series statement | RICS Information Paper |
| 520 ## - SUMMARY, ETC. | |
| Summary, etc. | Geographic or geospatial information (GI) has become part of everyday life and is a growing worldwide phenomenon. This publication seeks to inform and point RICS members towards a future of technological change, and to give a glimpse of the potential impacts upon surveying in its broadest sense. |
| 520 ## - SUMMARY, ETC. | |
| Summary, etc. | OUT OF DATE ARCHIVED 23 DECEMBER 2016 |
| 521 ## - TARGET AUDIENCE NOTE | |
| Target audience note | Advanced |
| 590 ## - LOCAL NOTE (RLIN) | |
| Local note | KA |
| 651 #4 - SUBJECT ADDED ENTRY--GEOGRAPHIC NAME | |
| Geographic name | International |
| 690 ## - LOCAL SUBJECT ADDED ENTRY--TOPICAL TERM (OCLC, RLIN) | |
| Topical term or geographic name as entry element | ENVIRONMENTAL AND LAND CONSULTANCY-GEOMATICS |
| 856 40 - ELECTRONIC LOCATION AND ACCESS | |
| Uniform Resource Identifier | <a href="https://www.isurv.com/downloads/file/2360/archive_geospatial_information_and_the_surveying_profession_1st_edition">https://www.isurv.com/downloads/file/2360/archive_geospatial_information_and_the_surveying_profession_1st_edition</a> |
| Public note | Archived on isurv (subscription required) |
| 942 ## - ADDED ENTRY ELEMENTS (KOHA) | |
| Suppress in OPAC | 0 |
| Source of classification or shelving scheme | Dewey Decimal Classification |
| Withdrawn status | Lost status | Source of classification or shelving scheme | Damaged status | Not for loan | Home library | Current library | Shelving location | Date acquired | Total Checkouts | Full call number | Barcode | Date last seen | Copy number | Price effective from | Koha item type |
|---|---|---|---|---|---|---|---|---|---|---|---|---|---|---|---|
| Dewey Decimal Classification | London | London | RICS Boxes | 13/11/2015 | RICS 2010/43 | 30075262 | 06/08/2019 | 1 | 06/08/2019 | Archive | |||||
| Dewey Decimal Classification | Virtual | Virtual | Online | 29/03/2011 | isurv | 152565-1001 | 31/10/2023 | 1 | 06/08/2019 | Book |